Pays se terminant par "an" - Statistiques

Statistiques générales
  • Ce quiz a été pris 298 fois
  • Le résultat moyen est 10 sur 15
Statistiques - réponses
Pays % Correct
Afghanistan
91%
Pakistan
88%
Ouzbekistan
87%
Turkménistan
84%
Kazakhstan
81%
Tadjikistan
77%
Azerbaïdjan
74%
Kirghizistan
74%
Iran
72%
Liban
59%
Bhoutan
55%
Oman
54%
Soudan
51%
Vatican
40%
Taiwan
33%
Aucun quiz correspondant
Distribution des résultats
% des personnes avec chaque résultat
Percentile par nombre de réponses
Votre historique - résultats
Vous n’avez pas pris ce quiz